000
00331nam a22001457a 4500
008
210312b ||||| |||| 00| 0 eng d
020
_a
9780757542428
041
_a
eng
080
_2
4th
_a
330.722.6
082
_2
4th
_a
330.722.6
100
_a
61
101
_a
KG
245
_a
Financial Accounting
_c
Neuman,R.B
942
_2
udc
_c
BK
999
_c
56485
_d
56485